000 00664nam a22002057a 4500
005 20260105113156.0
010 _aENG-147387
020 _a9789355018632
_c529.00
035 _aEN-130919
037 _bDBAD
082 _a000
_21
100 _aHemant
_986204
245 _a90 Magical Chalisa of English/
_cHemant
250 _a1
260 _aNew Delhi
_bS Chand and Company Limited
_c2026
270 _a A-27, 2nd Floor, Mohan Co-operative Industrial Estate
_bNew Delhi
_e110044
_minfo@schandpublishing.com
_k011-49731800
300 _a349p.
_c26cm(pb)
500 _a90 Magical Rules for Solving 3600+ Questions
942 _2ddc
_cEN
_h000
_mHEA
999 _c214005
_d214005